Franco Seguí and Andrés García account book, (Record no. 42047)
[ view plain ]
| 000 -LEADER | |
|---|---|
| fixed length control field | 00951cpcaa2200253 a 4500 |
| 001 - CONTROL NUMBER | |
| control field | mm 79005891 |
| 003 - CONTROL NUMBER IDENTIFIER | |
| control field | DLC |
| 005 - DATE AND TIME OF LATEST TRANSACTION | |
| control field | 20260227111653.0 |
| 008 - FIXED-LENGTH DATA ELEMENTS--GENERAL INFORMATION | |
| fixed length control field | 791113|||||||||||| spa |
| 010 ## - LIBRARY OF CONGRESS CONTROL NUMBER | |
| LC control number | mm 79005891 |
| 040 ## - CATALOGING SOURCE | |
| Original cataloging agency | DLC |
| Description conventions | dacs |
| Transcribing agency | DLC |
| Modifying agency | DLC |
| 072 #7 - SUBJECT CATEGORY CODE | |
| Subject category code | C |
| Source | lcmd |
| 100 1# - MAIN ENTRY--PERSONAL NAME | |
| Personal name | Seguí, Franco. |
| 245 00 - TITLE STATEMENT | |
| Title | Franco Seguí and Andrés García account book, |
| Inclusive dates | 1804-1805. |
| 300 ## - PHYSICAL DESCRIPTION | |
| Extent | 1 |
| Type of unit | item. |
| 506 0# - RESTRICTIONS ON ACCESS NOTE | |
| Terms governing access | Open to research. |
| 520 8# - SUMMARY, ETC. | |
| Summary, etc. | Account book (34 pages) listing cargo shipped from Cuba. |
| 546 ## - LANGUAGE NOTE | |
| Language note | Collection material in Spanish. |
| 580 ## - LINKING ENTRY COMPLEXITY NOTE | |
| Linking entry complexity note | Forms part of: Miscellaneous Manuscripts collection. |
| 651 #0 - SUBJECT ADDED ENTRY--GEOGRAPHIC NAME | |
| Geographic name | Cuba |
| General subdivision | Commerce |
| -- | History |
| Chronological subdivision | 19th century. |
| 700 1# - ADDED ENTRY--PERSONAL NAME | |
| Personal name | García, Andrés, |
| Dates associated with a name | active 1804. |
| Title of a work | Account book of Franco Seguí and Andrés García |
| Date of a work | (1804-1805) |
No items available.